| 000 | 01826nam0a22003491 4500 | ||
|---|---|---|---|
| 001 | rc\1159519 | ||
| 005 | 20260407193106.0 | ||
| 021 |
_aRU _bРг 15280-80 |
||
| 021 |
_aRU _b80-51261 |
||
| 035 | _a(NLR Aleph) 006404019 | ||
| 090 |
_a5276113 _c5276113 |
||
| 100 | _a20041129d1980 |||y0rusy50 ca | ||
| 101 | 0 |
_arus _aeng |
|
| 102 | _aRU | ||
| 105 | _aa z|||1|||| | ||
| 200 | 1 |
_aМеждународная школа молодых ученых "Проблемы ускорителей заряженных частиц" _dInternational School for Young Scientists "Problems of Charged Particle Accelerators" _zeng _eМинск, 17-25 сентябрь 1979 г. _e[сборник] |
|
| 210 |
_aДубна _cОбъединенный институт ядерных исследований _d1980 |
||
| 215 |
_a325 с. _cил. _d21 |
||
| 225 | 1 |
_aОбъединенный институт ядерных исследований _vД9-12965 |
|
| 300 | _aЧасть текста на англ. яз. | ||
| 320 | _aБиблиогр. в конце статей | ||
| 510 | 1 |
_6z01791 _aInternational School for Young Scientists "Problems of Charged Particle Accelerators" _zeng |
|
| 606 | 1 |
_aУскорители заряженных частиц _jСборники _9912081 _3RU\NLR\AUTH\6613595 |
|
| 686 | 1 | _aВ381.1я431(0) | |
| 710 | 1 | 2 |
_a"Проблемы ускорителей заряженных частиц", международная школа молодых ученых _f1979 _eМинск _3RU\NLR\AUTH\8810126754 _9750818 |
| 791 | 1 | 2 |
_8eng _a"Problems of charged particle accelerators", international school for young scientists _f1979 _eMinsk _7ba _3RU\NLR\AUTH\8810126782 _9750865 |
| 801 | 0 |
_aRU _bNLR _gpsbo |
|
| 801 | 1 |
_aRU _bELAR _2rusmarc |
|
| 852 |
_aNLR _j80-5/5664 |
||
| 942 | _cBOOK | ||
| 980 | _aNB | ||